THE ESSENTIALS OF FORENSIC MEDICINE AND TOXICOLOGY (Record no. 1128)

MARC details
000 -LEADER
fixed length control field 00418nam a2200133Ia 4500
008 - FIXED-LENGTH DATA ELEMENTS--GENERAL INFORMATION
fixed length control field 150201s2009 xx 000 0 und d
082 ## - DEWEY DECIMAL CLASSIFICATION NUMBER
Classification number 614.1
Item number E09R
100 ## - MAIN ENTRY--PERSONAL NAME
Personal name REDDY,KS NARAYANAN THE ESSENTIALS OF FORENSIC MEDICINE AND TOXICOLOGY
245 ## - TITLE STATEMENT
Title THE ESSENTIALS OF FORENSIC MEDICINE AND TOXICOLOGY
250 ## - EDITION STATEMENT
Edition statement 20TH
260 ## - PUBLICATION, DISTRIBUTION, ETC. (IMPRINT)
Name of publisher, distributor, etc. K. SUGUNA DEVI
Place of publication, distribution, etc. HYDERABAD
Date of publication, distribution, etc. 2009
650 ## - SUBJECT ADDED ENTRY--TOPICAL TERM
Topical term or geographic name as entry element FORENSIC MEDICINE
942 ## - ADDED ENTRY ELEMENTS (KOHA)
Source of classification or shelving scheme Dewey Decimal Classification
Koha item type Books
Koha issues (borrowed), all copies 16
Holdings
Withdrawn status Lost status Source of classification or shelving scheme Damaged status Not for loan Collection code Home library Current library Shelving location Date acquired Source of acquisition Cost, normal purchase price SGTU Bill Number Total Checkouts Full call number Barcode Date last seen Date last checked out Bill Date Koha item type Total Renewals
    Dewey Decimal Classification     MEDICAL SGT Medical Library SGT Medical Library Text Book 21/12/2010 U.B.S. DELHI 300.00 SGTU 726 1 614.1 E09R FM4367 27/01/2023 19/01/2023 21/12/2010 Books  
    Dewey Decimal Classification     MEDICAL SGT Medical Library SGT Medical Library Text Book 21/12/2010 U.B.S. DELHI 300.00 SGTU 726 1 614.1 E09R FM4368 27/10/2022 13/10/2022 21/12/2010 Books  
    Dewey Decimal Classification     MEDICAL SGT Medical Library SGT Medical Library Text Book 21/12/2010 U.B.S. DELHI 300.00 SGTU 726 22 614.1 E09R FM4369 29/09/2025 10/09/2025 21/12/2010 Books 1
    Dewey Decimal Classification     MEDICAL SGT Medical Library SGT Medical Library Text Book 21/12/2010 U.B.S. DELHI 300.00 SGTU 726   614.1 E09R FM4370 09/02/2015   21/12/2010 Books  
    Dewey Decimal Classification     MEDICAL SGT Medical Library SGT Medical Library Text Book 21/12/2010 U.B.S. DELHI 300.00 SGTU 726 4 614.1 E09R FM4371 23/12/2022 21/12/2022 21/12/2010 Books